| 000 | 01096cam a22003257a 4500 | ||
|---|---|---|---|
| 003 | CHAP | ||
| 005 | 20220329140336.0 | ||
| 008 | 971013s1962 r 00010 d | ||
| 010 | _a50700 | ||
| 011 | _a51672 | ||
| 035 | _a55822 | ||
| 040 | _cCHAP | ||
| 090 | _aTesis | ||
| 100 | 0 | 0 |
_aVírchez Alaniz, Ignacio. _9120624 |
| 245 | 1 | 4 | _aLas relaciones industriales en la industria resinera mexicana |
| 260 |
_aMéxico, D.F. : _bEl autor, _c1962 |
||
| 300 | _a241 h. | ||
| 502 | _aTesis (Lic. en Relaciones Industriales) -- Universidad Iberoamericana. Esc. de Relaciones Industriales | ||
| 590 |
_aALEPH _b10 _c20130110 _lUCH01 _h1325 |
||
| 590 |
_aBATCH-UPD _b10 _c20130109 _lUCH01 _h2324 |
||
| 590 |
_aBATCH-UPD _b10 _c20130110 _lUCH01 _h0555 |
||
| 590 |
_aBATCH-UPD _b10 _c20130409 _lUCH01 _h1848 |
||
| 590 |
_aBATCH-UPD _b10 _c20130410 _lUCH01 _h0237 |
||
| 590 |
_aBATCH-UPD _b10 _c20130914 _lUCH01 _h2000 |
||
| 590 |
_aCONVERSION _b10 _c20130109 _lUCH01 _h1328 |
||
| 650 | 1 | 4 |
_aRelaciones industriales _xMéxico. _995820 |
| 901 | _aBK | ||
| 942 | _cTESIS | ||
| 949 |
_bBC _cTES _d-122268 _eTS1 _i55822 _si |
||
| 999 |
_c50700 _d50700 |
||